[Event "FIDE-Wch k.o."]
[Site "Groningen"]
[Date "1997.12.11"]
[Round "2.1"]
[White "Topalov, Veselin"]
[Black "Piket, Jeroen"]
[Result "1/2-1/2"]
[WhiteElo "2745"]
[BlackElo "2630"]
[Annotator "Piket,L"]
[PlyCount "98"]
[EventDate "1997.12.09"]
[EventType "k.o."]
[EventRounds "7"]
[EventCountry "NED"]
[SourceTitle "CBM 063"]
[Source "ChessBase"]
[SourceDate "1998.03.26"]
[SourceVersion "1"]
[SourceVersionDate "1998.03.26"]
[SourceQuality "1"]

1. e4 {Hansen,LB} e5 2. Nf3 Nc6 3. Bb5 a6 4. Ba4 Nf6 5. O-O Be7 6. Re1 b5 7.
Bb3 d6 8. c3 O-O 9. h3 Na5 {Hansen,LB: Piket plays several different Ruy Lopez
variations.} 10. Bc2 c5 11. d4 Bb7 {Hansen,LB: The Romanishin Variation.} 12.
d5 Nc4 13. a4 (13. b3 {Hansen,LB} Nb6 14. a4 Bc8 {is the main line.}) 13... Nb6
14. Qe2 {Hansen,LB: White gives up the two Bs to get the better pawn structure
(>< a6).} (14. b3) 14... Nxa4 (14... Nfd7 15. axb5 (15. a5 Nc4 16. b4 f5 $13)
15... axb5 16. Rxa8 Qxa8 17. Qxb5 f5 (17... Ba6 18. Qa5 (18. Qc6 Qa7)) 18. Bg5
$1 $14) 15. Bxa4 bxa4 16. Rxa4 (16. c4 $5) 16... Nd7 (16... Qc7 17. Nbd2 (17.
c4 $5) (17. Bg5) 17... Rfb8 18. Nc4 Bc8) 17. c4 (17. Nbd2 f5 $13) 17... Nb6 (
17... Bc8 {Hansen,LB} 18. Nbd2 Nb6 19. Ra3 a5 20. Nf1 a4 21. Bd2 Bd7 $11 {
Gazik,I-Romanishin,O/Novy Smokovec/1992/}) 18. Ra3 a5 $1 19. Nc3 a4 (19... Ba6
20. Nd2 (20. b3 a4 21. Nxa4 Bxc4 $11) 20... a4 (20... Bg5 21. b3 Bc8 $13) 21.
Nxa4 Bxc4 22. Nxc4 Rxa4 23. Rxa4 Nxa4 24. Bd2 $16) 20. Be3 (20. Nd1 $1 Bc8 (
20... f5) 21. Ne3 Kh8 (21... g6 22. Ng4 (22. Nh2 f5 23. exf5 gxf5 24. f4)))
20... Bc8 21. Nd2 {Hansen,LB: Perhaps 21. Rb1 was more precise.} (21. Rb1 $5
$14 {Hansen,LB}) 21... Bg5 (21... Bd7 22. f4 $5 $14) 22. Rb1 $1 Bxe3 (22... f5
23. exf5 (23. f3 Bxe3+ 24. Qxe3 f4 25. Qe2 Rf6 26. b4 axb3 27. Raxb3 Nd7) 23...
Bxf5 24. Nce4 $14) 23. Qxe3 Bd7 24. b4 axb3 25. Raxb3 {>< Nb6} Ra6 (25... Nc8)
26. Qd3 h6 27. Kh2 Qc7 28. Nf1 Rfa8 (28... f5 29. Ne3 f4 30. Nf5) 29. Nb5 $6 (
29. Ne3 $14) 29... Qd8 $1 (29... Bxb5 30. Rxb5 $14) 30. Nc3 (30. Nxd6 Ba4 31.
Nf5 Bxb3 32. Rxb3 $44) 30... Nc8 31. Ne3 Ra3 32. Rb7 R8a7 33. Qc2 Kh7 $6 (33...
g6 $1 $11) 34. Rxa7 Rxa7 35. g3 g6 (35... Ne7 {Hansen,LB}) 36. h4 Ra6 $6 $138 (
36... h5) 37. Rf1 Nb6 38. h5 (38. f4 exf4 39. Rxf4 Qe7) 38... Bc8 {/\ Nd7-f6}
39. Qd2 $6 $138 (39. f4 $1 exf4 40. Rxf4 Qe7 41. Qf2 Kg7 42. Nb5) 39... Nd7 40.
hxg6+ fxg6 41. Ng4 g5 42. Kg2 Nf6 43. Nxf6+ Qxf6 44. Qb2 Ra8 (44... h5 45. Qb8
Ra3 46. Nb5 Rxg3+ 47. Kxg3 (47. fxg3 Bh3+)) 45. Qb6 Ra3 $1 46. Qc7+ (46. Nb5
Qf3+ 47. Kh2 (47. Kg1 Bh3) 47... Ra2) 46... Kg6 47. Qxc8 (47. Nb5 Rxg3+ $1 48.
Kxg3 (48. fxg3 Bh3+ 49. Kxh3 (49. Kh2 $4 Qxf1 50. Qxd6+ Kh5 $19) 49... Qxf1+
$11) 48... Qf4+ 49. Kg2 Qg4+) 47... Rxc3 48. Qg8+ (48. Ra1 h5 $5 (48... Rc2)
49. Kg1 g4) 48... Qg7 49. Qe6+ Qf6 1/2-1/2

[Event "POL-chT 66th"]
[Site "Katowice"]
[Date "2010.09.06"]
[Round "3"]
[White "Bobras, Piotr"]
[Black "Tazbir, Marcin"]
[Result "1/2-1/2"]
[WhiteElo "2535"]
[BlackElo "2523"]
[Annotator "RR"]
[PlyCount "72"]
[EventDate "2010.09.04"]
[EventType "team-tourn"]
[EventRounds "9"]
[EventCountry "POL"]
[SourceTitle "EXT 2016"]
[Source "ChessBase"]
[SourceDate "2015.10.08"]
[SourceVersion "1"]
[SourceVersionDate "2015.10.08"]
[SourceQuality "1"]
[WhiteTeam "Katowice Szopienice"]
[BlackTeam "Wroclaw"]
[WhiteTeamCountry "POL"]
[BlackTeamCountry "POL"]

1. e4 e5 2. Nf3 Nc6 3. Bb5 a6 4. Ba4 Nf6 5. O-O Be7 6. Re1 b5 7. Bb3 O-O 8. h3
d6 9. c3 Na5 10. Bc2 c5 11. d4 Nd7 12. Nbd2 exd4 13. cxd4 Nc6 14. d5 Nce5 15.
Nxe5 Nxe5 16. a4 Bb7 17. f4 Nd7 (17... Ng6 18. Nf3 Re8 19. g3 Bf6 20. Ra3 {
Volokitin,A (2671)-Mecking,H (2567) Corus-B Wijk aan Zee 2009 (10) 1/2}) 18.
Nf3 Qc7 $146 (18... Re8 19. b3 Bf6 {Fejzullahu,A (2302)-Adams,M (2740) EU-Cup
20th Izmir 2004 (2.1) 1/2}) 19. Kh1 Rae8 20. Ra3 $5 Nb6 21. Rae3 $14 {[%cal
Ge4e5]} g6 22. b3 Bf6 23. Qe2 (23. e5 $5 {Plus risqué} Bg7 24. Be4 dxe5 25.
fxe5 Nd7 26. Bb2 $36 {[%csl Gd5,Ge5]}) 23... Bd4 24. Nxd4 cxd4 25. Rd3 Nxd5 26.
Rxd4 Rc8 27. exd5 (27. Bd3 $1 Nb6 (27... Nc3 28. Qe3 $16 {[%csl Rf6,Rg7,Rg8]
[%cal Gc1b2]}) 28. axb5 axb5 29. Bxb5 $40 {[%csl Gb5,Gc1]}) 27... Qxc2 28. Qxc2
Rxc2 29. f5 (29. Ba3 Rd8 30. axb5 axb5 31. Re7) 29... Rc5 30. Bh6 Ra8 31. axb5
axb5 32. Rde4 Rcc8 33. Rb4 Rc5 34. Rbe4 Rcc8 35. Rb4 Rc5 36. Rbe4 Rcc8 1/2-1/2

[Event "POL-chT 66th"]
[Site "Katowice"]
[Date "2010.09.08"]
[Round "5"]
[White "Szelag, Marcin"]
[Black "Kosiorek, Marek"]
[Result "1-0"]
[WhiteElo "2464"]
[BlackElo "2359"]
[Annotator "RR"]
[PlyCount "109"]
[EventDate "2010.09.04"]
[EventType "team-tourn"]
[EventRounds "9"]
[EventCountry "POL"]
[SourceTitle "EXT 2016"]
[Source "ChessBase"]
[SourceDate "2015.10.08"]
[SourceVersion "1"]
[SourceVersionDate "2015.10.08"]
[SourceQuality "1"]
[WhiteTeam "Poznan Pocztowiec"]
[BlackTeam "Szkola Grudziadz"]
[WhiteTeamCountry "POL"]
[BlackTeamCountry "POL"]

1. e4 e5 2. Nf3 Nc6 3. Bb5 a6 4. Ba4 Nf6 5. O-O Be7 6. Re1 b5 7. Bb3 d6 8. c3
O-O 9. h3 Na5 10. Bc2 c5 11. d4 Nd7 12. Nbd2 exd4 13. cxd4 Nc6 14. e5 (14. d5
Nce5 15. a4 Bb7 16. Nxe5 Nxe5 17. f4 Ng6 18. Nf3 Re8 19. g3 Bf6 20. Kg2 Qd7 21.
Ra2 b4 22. b3 Bc3 23. Bd2 Bxd2 24. Nxd2 Re7 25. Nc4 Rae8 26. Bb1 f5 27. Rae2
fxe4 28. Re3 Nh8 29. Bxe4 g6 30. f5 Rf8 31. g4 Rg7 32. Rf1 Qd8 33. Kh2 Bc8 34.
Qd3 a5 35. Ref3 Rgf7 36. fxg6 hxg6 37. Rxf7 Rxf7 38. Rxf7 Nxf7 39. Bxg6 Qf6 40.
Bxf7+ Kxf7 41. Qg3 Ke7 42. Qe3+ Kd7 43. g5 Qf5 {Adhiban,B (2646)-Svetushkin,D 
(2592) Moscow 2015 1/2-1/2 (82)}) 14... dxe5 15. dxe5 c4 16. b3 Nc5 17. bxc4
Be6 18. cxb5 axb5 19. a3 b4 20. Re3 Qd7 21. Rb1 $146 (21. Bb2 Rab8 22. axb4
Nxb4 23. Ba3 Nxc2 24. Qxc2 Bf5 25. Qc3 Rfc8 26. Qd4 Qb7 27. Qf4 Bg6 28. Qg3 Rd8
29. Rc1 Qa7 30. Bxc5 Bxc5 31. Rec3 Be7 32. Kh2 f6 33. Rc7 Rb7 34. R7c6 Rb6 35.
R6c4 Rb2 36. Rc8 Rb8 37. R1c7 Qb6 38. Nc4 Rbxc8 39. Rxc8 Qe6 40. Rc7 Rd5 41.
Qf4 Bd8 42. Ra7 Rd7 43. Nd4 Qd5 44. Rxd7 Qxd7 45. e6 Qc7 46. Qxc7 Bxc7+ 47. g3
Kf8 48. f4 Be4 49. Na3 Bb6 50. Nab5 f5 {Gudlaugsson,E (2291)-Haeusler,W (2403)
ICCF email 2005 1/2-1/2}) 21... Rab8 22. Qe2 Rfd8 $32 23. Kh2 Bf5 24. Bxf5 Qxf5
25. axb4 Rxb4 26. Rxb4 Nxb4 27. Ne4 Ne6 {[%csl Gd4][%cal Ge6f4,Ge6d4]} 28. Ng3
(28. Qc4) (28. Ba3) 28... Qb1 29. Ba3 Bc5 30. Re4 (30. Qb5 $5 {[%cal Gb5b1]})
30... Nd3 31. Bxc5 Ndxc5 32. Rc4 Qd3 33. Qxd3 Nxd3 34. Ne4 h6 35. Kg3 Rd5 36.
Rc8+ Kh7 37. Nd6 Nxe5 38. Nxe5 Rxe5 39. Nxf7 Rd5 40. Re8 Ng5 41. Ne5 Ne4+ 42.
Kf3 Nd6 43. Re6 Nf7 $6 44. Ke4 $1 {[%csl Rd5,Ge4,Rh7]} Rd2 45. Nxf7 Re2+ 46.
Kd5 Rxf2 47. Ne5 Rxg2 48. Ra6 Rg3 49. h4 {[%cal Gh4h5,Ge5g6,Ga6a8,Ga8h8]} Rh3
50. Ra4 g5 $1 51. Ke6 Rxh4 $4 (51... gxh4 $8 52. Ra7+ Kg8 53. Nd7 Re3+ 54. Kf5)
52. Ra7+ Kg8 53. Nd7 Kg7 (53... Re4+ 54. Kf6 {[%csl Rg8][%cal Ga7a8]}) 54. Nf6+
Kg6 55. Ra8 1-0

[Event "World Women-ch"]
[Site "Manila"]
[Date "1991.??.??"]
[Round "3"]
[White "Xie, Jun"]
[Black "Chiburdanidze, Maia"]
[Result "1-0"]
[WhiteElo "2465"]
[BlackElo "2495"]
[Annotator "Rogers,I"]
[PlyCount "55"]
[EventDate "1991.09.??"]
[EventType "match"]
[EventRounds "16"]
[EventCountry "PHI"]
[SourceTitle "CBM 026"]
[Source "ChessBase"]
[SourceDate "1992.02.01"]
[SourceVersion "1"]
[SourceVersionDate "1992.02.01"]
[SourceQuality "1"]

1. e4 e5 2. Nf3 Nc6 3. Bb5 a6 ({Chiburdanidze held a comfortable draw in the
first game with} 3... Nf6 {but now returns to an old favourite line.}) 4. Ba4
Nf6 5. O-O Be7 6. Re1 b5 7. Bb3 d6 8. c3 O-O 9. h3 Na5 10. Bc2 c5 11. d4 Bb7
12. Nbd2 {Traditional theory in the Ruy Lopez held that White should play d5
as soon as Black commits his or her bishop to b7. However modern players tend
to prefer a more open centre, reasoning that at some point Black must make a
minor concession by exchanging in the centre.} cxd4 13. cxd4 exd4 14. Nxd4 Re8
15. b4 Nc6 16. Nxc6 Bxc6 17. Bb2 Bf8 $6 ({The most reliable plan for Black
lies in} 17... Rc8 {/\...Nd7, ...Bf6}) 18. Qf3 $1 Rc8 19. Bb3 Qe7 20. Rad1 Bb7
21. Qf5 d5 22. e5 Nd7 23. Ne4 $1 g6 $2 {Surprised by White's last move,
Chiburdanidze miscalculates and allows a quick finish.} ({After} 23... Qe6 $1 {
Black's disadvantage could have been kept to manageable proportions.}) 24. Qxd7
$1 dxe4 ({Forced since} 24... Qxd7 25. Nf6+ {loses a piece.}) 25. e6 $1 fxe6
26. Qd4 $1 Kf7 27. Qh8 $1 Qh4 28. g3 $1 ({Black cannot continue protecting the
h7 pawn and the f6 square, e.g. if} 28. g3 $1 Qh5 29. Qf6+ Kg8 30. Rd7 {wins.})
1-0

[Event "Bazna Kings 5th"]
[Site "Medias"]
[Date "2011.06.12"]
[Round "2"]
[White "Nakamura, Hikaru"]
[Black "Nisipeanu, Liviu Dieter"]
[Result "1-0"]
[WhiteElo "2774"]
[BlackElo "2659"]
[Annotator "Rogozenco,D"]
[PlyCount "155"]
[EventDate "2011.06.11"]
[EventType "tourn"]
[EventRounds "10"]
[EventCountry "ROU"]
[EventCategory "21"]
[SourceTitle "CBM 143"]
[Source "ChessBase"]
[SourceDate "2011.07.15"]
[SourceVersion "1"]
[SourceVersionDate "2011.07.15"]
[SourceQuality "1"]

1. e4 e5 2. Nf3 Nc6 {"I spent all my time preparing other things than this
whole Ruy Lopez" - Nakamura} 3. Bb5 a6 4. Ba4 Nf6 5. O-O Be7 6. Re1 b5 7. Bb3
d6 8. c3 O-O 9. h3 Na5 10. Bc2 c5 11. d4 Nd7 12. d5 (12. Nbd2 exd4 13. cxd4 Nc6
14. Nf1 Bf6 15. Be3 Bb7 16. Ng3 g6 {was about equal in Giri,A (2690) -Nakamura,
H (2774)/Monte Carlo 2011 (54)}) ({White got some advantage after} 12. b3 Bf6
13. Be3 exd4 14. cxd4 Bb7 15. Nc3 Nc6 16. Rc1 cxd4 17. Nxd4 Nxd4 18. Bxd4 {
Dominguez Perez,L (2716)-Nakamura,H (2733)/Khanty Mansiysk 2010.}) 12... Nb6
13. Nbd2 g6 14. b4 Nb7 ({After the game Anand-Carlsen, Morelia/Linares 2007
Black started to experience problems after the natural} 14... cxb4 15. cxb4
Nac4 16. Nxc4 Nxc4 17. Bb3 $1) 15. Nf1 a5 16. Bh6 Re8 17. a3 Bd7 {This natural
continuation is a new move. Black prepares massive exchanges on the a-file.}
18. Ng3 Qc7 19. Bd3 axb4 20. axb4 Rxa1 21. Qxa1 Ra8 22. Qb1 c4 23. Bc2 f6 24.
Be3 Nd8 25. Nd2 Nf7 26. f4 exf4 27. Bxf4 Ne5 ({An interesting alternative was
to prevent the white bishop from coming to the diagonal a7-g1 by continuing} 
27... Na4 28. Ne2 Qb6+ 29. Kh2 Ne5 {with a very complex middlegame, where both
sides have their chances.}) 28. Be3 $1 Ra3 $1 {A strong answer by Nisipeanu,
which cost the Romanian grandmaster a lot of time: before placing the knight
on a4 Black activates his rook.} 29. Ne2 Na4 30. Bd4 Bf8 {The rook on a3 looks
shaky, but White cannot exploit this factor. The position is about equal.} 31.
Rf1 Qd8 32. Qc1 Ra2 33. Nf3 (33. Bb1 Ra1 {(or even 33...Rb2) and the rook
cannot be attacked.}) 33... Bg7 34. Nxe5 fxe5 35. Be3 Nb6 36. Kh2 Be8 37. Ng1
h6 38. Bb1 Ra1 39. Qb2 Ra8 40. Bc2 Nd7 {Both players assessed this to be an
inaccuracy.} ({Nakamura considered that after} 40... Na4 {the position is
close to equal.}) 41. Ra1 Rxa1 42. Qxa1 Nf6 43. Qa6 {Now White has built some
pressure, although Black is still very solid and close to equal.} Bf8 44. Nf3
Bd7 45. Nd2 Nh5 46. Nf3 Nf6 47. Kg1 Qc8 48. Qa1 Qb8 49. Kf1 Nh5 50. g4 Nf4 {
A very responsible decision.} ({The simple} 50... Nf6 {was perfectly playable.}
) 51. Bxf4 exf4 52. e5 dxe5 53. Qa6 Qd6 54. Qxd6 Bxd6 55. Bxg6 Kg7 56. Be4 h5 {
The endgame should be a draw, but Nisipeanu was in time trouble and started to
produce mistakes.} 57. Nh2 $1 {The best way to keep the pressure.} Kh6 58. Kg2
hxg4 {Completely unnecessary, giving the h3-square to White's king.} ({After} 
58... Bc7 {Black has no problems whatsoever.}) 59. hxg4 Kg5 60. Kh3 f3 $2 {
Blundering with the last move before the time-control is always very painful.}
({It is not clear if White has something real after} 60... Bc7 61. Nf3+ Kf6 62.
Kh4 Kg7) 61. Kg3 f2 62. Nf3+ {Probably missed by Nisipeanu when he played 60...
f3.} ({Not} 62. Kxf2 $2 Kf4 {and it is Black who can win.}) 62... Kh6 63. g5+
Kh5 64. Kxf2 {White has won a pawn and the rest is a matter of technique.} Be8
65. Ke3 Bf7 66. g6 Bxg6 67. Bxg6+ Kxg6 68. Ke4 Kf6 69. Nd2 Bf8 70. Nb1 Bh6 71.
Na3 Bc1 72. Nxb5 Bd2 73. Nd6 Bxc3 74. b5 Ke7 75. Nxc4 Be1 76. Kxe5 Bg3+ 77. Kd4
Bf2+ 78. Kc3 1-0

[Event "World op 45th"]
[Site "Philadelphia"]
[Date "2017.07.01"]
[Round "4"]
[White "Ruiz Castillo, Joshua Daniel"]
[Black "Bachmann, Axel"]
[Result "1/2-1/2"]
[WhiteElo "2367"]
[BlackElo "2653"]
[Annotator "Ruiz,J/Macieja"]
[PlyCount "145"]
[EventDate "2017.06.29"]
[EventType "swiss"]
[EventRounds "9"]
[EventCountry "USA"]
[SourceTitle "CBM 182"]
[Source "ChessBase"]
[SourceDate "2018.01.17"]
[SourceVersion "1"]
[SourceVersionDate "2018.01.17"]
[SourceQuality "1"]

1. e4 e5 2. Nf3 Nc6 3. Bb5 a6 4. Ba4 Nf6 5. O-O Be7 6. Re1 b5 7. Bb3 O-O 8. h3
d6 9. c3 Na5 10. Bc2 c5 11. d4 Nd7 12. d5 ({A more common move is} 12. Nbd2)
12... c4 $6 {I didn't expect this, as it leads to a structure which is well
known to be better for White.} (12... Nc4) (12... Nb6) 13. b4 cxb3 14. axb3 Nb7
15. b4 $1 {x Nb7} Nb6 16. Bd3 ({Another good plan for White was} 16. Na3 Bd7
17. Be3 Qc7 18. Qb1 Rfc8 19. Bd3 Qd8 20. Rc1 Na4 21. c4 $16) 16... Bd7 17. Re2
$1 Qc8 18. Rea2 {x Pa6} Na4 19. c4 $1 bxc4 20. Bc2 Nb6 21. Rxa6 $6 {There was
no need to rush with the capture.} (21. Be3 Bd8 22. Nc3 $1 $16) 21... Rxa6 22.
Rxa6 Na8 23. Nc3 (23. Ra7 $5 Nc7 24. Ba4 Nb5 25. Bxb5 Bxb5 26. Nc3 Bd7 27. Be3
f5 28. exf5 Bxf5 29. Qa4 Bf6 30. Qc6) (23. Qe2 $5 Nc7 24. Ra2 Nb5 25. Ba4 $16)
(23. Ba4 $2 Nc5 $1 24. bxc5 Qxa6 25. Bxd7 Qb7 26. Na3 Qxd7 $44) 23... Nc7 {
[%cal Ga6a7,Ga6a3]} 24. Ra2 $6 (24. Ra7 Nb5 25. Nxb5 Bxb5 26. Be3 $16) 24...
Nb5 25. Bb2 (25. Nxb5 Bxb5 26. Be3 Qc7 27. Nd2 c3 $2 (27... Rb8 28. Qa1 Nd8 29.
Qc3 $18) 28. Nb1 Qc4 29. Ra3 Qxb4 30. Rb3 Qa5 31. Nxc3 $18) 25... Bd8 26. Nxb5
Bxb5 27. Bc3 {White still has a clear edge, but it would have been better to
have the knight on c3.} Bd7 28. Qe2 f5 $6 {Looking for counterplay, though
objectively just weakening the light squares.} 29. Nd2 $2 ({It was important
to trade light-squared bishops} 29. exf5 Bxf5 30. Bxf5 Qxf5 (30... Rxf5 31. Ra6
Rf4 32. Nd2 Qf5 33. g3 Qg6 34. Bxe5 $18) 31. Qxc4 Bb6 32. Be1 $18) 29... fxe4
30. Qxe4 g6 31. Qe3 Bf5 32. Bxf5 {Other continuations were also very good for
White.} (32. Be4 Bd7 33. Bf3 Qc7 34. Ra6 Bb5 35. Ra7 Qc8 36. Bg4 Bd7 37. Bxd7
Qxd7 38. Nxc4) (32. Bd1 Bh4 33. Ra6 Bd3 (33... Rf7 34. Be2) 34. Bg4 Qc7 35.
Be6+ Kg7 36. f4) (32. Ba4 Bd3 33. Bc6 Bh4 34. Nf3 Bf6 35. Ra7 Rf7 36. b5) 32...
Qxf5 (32... gxf5 $2 33. f4 $18) 33. Ra7 ({When I exchanged bishops I thought I
could play} 33. Ne4 {but suddenly I saw} Bb6 {and I panicked without a good
reason.} 34. Qe2 $18 {A simple move but I din't even think about it.} (34. Qxb6
Qxe4 35. Ra7 Qc2 (35... Qb1+ 36. Kh2 Qc1 37. Qxb7 Qf4+ 38. Kh1 Qc1+ 39. Be1 $1
{Being in time trouble, I missed that move in my calculations. I thought the
game would finish with a perpetual check.}) 36. Be1 Nd8 37. Qxd6 Nf7 38. Qc5
Qd1 39. Qe3 Rc8 40. Kh2 Qxd5 41. Bc3 $16) 34... Nd8 35. Qxc4 Bd4 36. Re2 Bxc3
37. Qxc3 Nf7 38. b5 $18) ({Forcing a trade of queens was even more technical.} 
33. Qf3 $1 Qc8 34. Qg4 $1) 33... Bg5 34. Qb6 $4 (34. Qe1 Qd7 (34... Bxd2 35.
Bxd2 $18) 35. Ne4 Be7 36. Qe3 $18) 34... Nc5 $2 {Tempting, especially in an
opponent's time trouble, but actually a simple} (34... Nd8 {would give the
advantage to Black!}) 35. Nf3 Ne4 36. Be1 Bd8 $2 (36... Bh6 37. Qc7 Qf7 38. b5
Qxc7 39. Rxc7 c3 $1 40. Bxc3 (40. Rc4 Rb8 $1) 40... Rb8 41. Bb4 Rxb5 42. Rc4
Ng5 $11) 37. Qc6 {Now White is better again.} g5 38. Qb7 $2 (38. Qxc4 h5 (38...
g4 39. hxg4 Qxg4 40. Nh2 $16 (40. Qd3 $16)) 39. Qc1 $1 Bb6 (39... g4 $2 40. Qh6
$18) 40. Ra6 Rc8 41. Qa3 (41. Qb1 g4 42. Rxb6 gxf3 43. Rc6 $16) 41... Bxf2+ 42.
Bxf2 g4 43. Ra8 gxf3 44. Qxf3 Qxf3 45. Rxc8+ Qf8 46. Rxf8+ Kxf8 47. b5 $16)
38... Qg6 $6 {Objectively not best, but Black wants to avoid simplifications
to keep winning chances.} (38... Rf7 39. Qxf7+ (39. Qb8 {is also possible} Rxa7
40. Qxa7 c3 41. Qa8 $1 Qd7 42. b5 c2 43. b6 c1=Q 44. b7 $11 {Hard to believe,
but Black cannot win.}) 39... Qxf7 40. Rxf7 Kxf7 41. Nd2 Nxd2 42. Bxd2 $11) 39.
b5 $6 (39. Nd2 $1 $14 {was the only move claiming an advantage.}) 39... c3 40.
Qc6 $1 g4 41. hxg4 Qxg4 {The position has complicated.} 42. Ra8 $1 {Avoiding ..
.Rxf3.} Nd2 $6 (42... Kg7 {would have led to a move repetition} 43. Ra7+ $11)
43. Bxd2 cxd2 44. Nxd2 Qf4 45. Nf3 e4 46. Ra4 $6 ({White still had an
opportunity to play for a win:} 46. Qc4 $1 Qf5 47. Qc2 $1 Qxd5 48. Ra7 $14 Bb6
$6 49. Re7 $1 $16) 46... Qf5 47. Qxd6 (47. Ra3 $1 exf3 48. Rxf3 Qb1+ 49. Kh2
Rxf3 50. gxf3 $11 {[%cal Gb5b8,Gc6d6,Gc6e8]}) 47... exf3 48. Qe6+ Qxe6 49. dxe6
{Now Black has winning chances.} Bb6 $6 ({It was better to play} 49... fxg2)
50. Rg4+ $1 {To move Black's king aside.} Kh8 51. Re4 (51. g3 {aiming to trade
the f3-pawn for the passed pawns, should secure a draw either in R vs R+B
ending or due to a bad corner.}) 51... Re8 $1 (51... fxg2 52. e7 Re8 53. Re6
Bc5 54. b6 Kg7 55. b7 Kf7 56. b8=Q Rxb8 57. e8=Q+ Rxe8 58. Rxe8 Kxe8 59. Kxg2
$11) 52. gxf3 Kg7 53. f4 Kf6 54. Kg2 Bc7 55. Kf3 Bd6 {I wasn't sure how to
defend, but I think I found an interesting plan.} 56. Re1 h6 57. Kg4 Rb8 58.
Rh1 Bf8 59. Rb1 Bc5 (59... Kxe6 60. b6 Rb7 61. f5+ Kf6 62. Rb5 {White should
be able to defend this position.}) 60. b6 h5+ 61. Kxh5 Kf5 62. Kh6 Bf8+ 63. Kh5
Bc5 64. Kh6 Rh8+ 65. Kg7 Bd4+ 66. Kf7 Rh7+ 67. Kg8 Rh8+ 68. Kf7 Rh7+ 69. Kg8
Rb7 70. e7 Rxe7 71. b7 Re8+ 72. Kf7 Rb8 73. Ke7 1/2-1/2